Wheel of Time characters with O, P and Q initials - Statistics

General Stats
  • This quiz has been taken 50 times
  • The average score is 8 of 15
Answer Stats
Hint Answer % Correct
PF A peddler and Darkfriend Padan Fain
100%
PA Wolfbrother Perrin Aybara
100%
OG One of the names for the Dark One Old Grim
95%
PN The King of Arafel Paitar Nachiman
95%
OC A Darkfriend beggar from Ebou Dar Old Cully
89%
OJ A man up a tree in a song Old Jak
89%
PT An Aes Sedai of the Red Ajah and Sitter Pevara Tazanovni
89%
PC The High Seat of a Major Andoran noble House Pelivar Coelan
47%
PM The High Seat of a Major Andoran noble House Perival Mantear
42%
OD Rand's nearest neighbor in the Two Rivers Oren Dautry
16%
PD An Amyrlin Seat raised from the Gray Ajah Parenia Demalle
16%
PB A boy touched by PF in Caemlyn Perwyn Belman
16%
QT The inkeeper of The Wind’s Favor in Bandar Eban Quillin Tasil
16%
PG An Illianer who bargained jewels with Weilin Aldragoran Pavil Geraneos
11%
PR A Domani nobleman Piqor Ramshalan
11%
No matching quizzes found
Score Distribution
Percent of People with Each Score
Percentile by Number Answered
Your Score History
You have not taken this quiz